000 00431cam a22001457a 4500
008 180718b1962 xxu||||| |||| 00| 0 eng d
082 _aB1243x51 D558
100 _aDicker, Herman
245 _aWanderers and settlers in the Far East: a century of Jewish life in China and Japan
_cby Herman Dicker
260 _aNew York
_bTwayne
_c1962
300 _a207p.
500 _a$4.00
650 _aJews in Japan
650 _aJews in China
999 _c363980
_d363980